La formation continue en contexte (Registro nro. 50007)
[ vista simple ]
| 000 -CABECERA | |
|---|---|
| Longitud fija campo de control | 01037naa a2200277 c 4500 |
| 001 - NÚMERO DE CONTROL | |
| Número de control | 50007 |
| 003 - IDENTIFICADOR DE NÚMERO DE CONTROL | |
| Identificador del número de control | ES-MaCES |
| 005 - FECHA Y HORA DE LA ÚLTIMA TRANSACCIÓN | |
| Fecha y hora de la última transacción | 20171004142511.0 |
| 008 - CAMPO FIJO DE DESCRIPCIÓN FIJA--INFORMACIÓN GENERAL | |
| Códigos de información de longitud fija | 171004s2017 fr ||||| t||||||| ||fre d |
| 040 ## - FUENTE DE CATALOGACIÓN | |
| Centro catalogador de origen | ES-MaCES |
| Lengua de catalogación | spa |
| Centro transcriptor | ES-MaCES |
| Centro modificado | ES-MaCES |
| 245 03 - MENCIÓN DE TÍTULO | |
| Título | La formation continue en contexte |
| Resto del título | : l'entreprise au coeur des enjeux |
| 650 #4 - ASIENTO SECUNDARIO DE MATERIA--TÉRMINO DE MATERIA | |
| 9 (RLIN) | 29931 |
| Término de materia o nombre geográfico como elemento inicial | formación profesional permanente |
| 650 #4 - ASIENTO SECUNDARIO DE MATERIA--TÉRMINO DE MATERIA | |
| 9 (RLIN) | 27452 |
| Término de materia o nombre geográfico como elemento inicial | formación en la empresa |
| 650 #4 - ASIENTO SECUNDARIO DE MATERIA--TÉRMINO DE MATERIA | |
| 9 (RLIN) | 28178 |
| Término de materia o nombre geográfico como elemento inicial | empresa |
| 650 #4 - ASIENTO SECUNDARIO DE MATERIA--TÉRMINO DE MATERIA | |
| 9 (RLIN) | 28414 |
| Término de materia o nombre geográfico como elemento inicial | trabajador |
| 650 #4 - ASIENTO SECUNDARIO DE MATERIA--TÉRMINO DE MATERIA | |
| 9 (RLIN) | 29974 |
| Término de materia o nombre geográfico como elemento inicial | política de formación |
| 650 #4 - ASIENTO SECUNDARIO DE MATERIA--TÉRMINO DE MATERIA | |
| 9 (RLIN) | 29968 |
| Término de materia o nombre geográfico como elemento inicial | administración de la formación |
| 650 #4 - ASIENTO SECUNDARIO DE MATERIA--TÉRMINO DE MATERIA | |
| 9 (RLIN) | 27183 |
| Término de materia o nombre geográfico como elemento inicial | igualdad de oportunidades |
| 650 #4 - ASIENTO SECUNDARIO DE MATERIA--TÉRMINO DE MATERIA | |
| 9 (RLIN) | 26943 |
| Término de materia o nombre geográfico como elemento inicial | Francia |
| 650 #4 - ASIENTO SECUNDARIO DE MATERIA--TÉRMINO DE MATERIA | |
| 9 (RLIN) | 26952 |
| Término de materia o nombre geográfico como elemento inicial | Italia |
| 650 #4 - ASIENTO SECUNDARIO DE MATERIA--TÉRMINO DE MATERIA | |
| 9 (RLIN) | 26966 |
| Término de materia o nombre geográfico como elemento inicial | Suiza |
| 653 10 - TÉRMINO DE INDEXACIÓN--NO CONTROLADO | |
| Término no controlado | Educación |
| 773 0# - ENTRADA DE DOCUMENTO FUENTE | |
| Itemnumber del ítem fuente | 86269 |
| Lugar, editor y fecha de publicación | Paris (Quai Voltaire, 29-31, 75344, Cedex 07) La Documentation française |
| Otro identificador del documento | 089166 |
| Título | Formation emploi |
| Número de control del registro relacionado | (ES-MaCES)25406 |
| Parte(s) relacionada(s) | nº 137 (janv.-mars 2017) {10396 R. 089166} ; 167p. |
| 902 ## - CES. TIPO DE DOCUMENTO | |
| Tipodoc (006$c Sirtex) | MON Monográfico de revista |
| 942 ## - ELEMENTOS KOHA | |
| Fuente de clasificaión o esquema | Clasificación propia del CES |
| Koha [por defecto] tipo de item | Artículos (1982-2017) |
| Parte de clasificación | Educación |
No hay ítems disponibles.
